Administración de proyectos / (Record no. 150904)

MARC details
000 -CABECERA
campo de control de longitud fija 00852nam a2200241 u 4500
005 - FECHA Y HORA DE LA ÚLTIMA TRANSACCIÓN
campo de control 20240210063840.0
008 - ELEMENTOS DE LONGITUD FIJA--INFORMACIÓN GENERAL
campo de control de longitud fija 101125s2009 r 000 0 eng d
020 ## - NÚMERO INTERNACIONAL NORMALIZADO PARA LIBROS
Número Internacional Estándar del Libro 9789701072356
035 ## - NÚMERO DE CONTROL DEL SISTEMA
Número de control de sistema UPN01000178801
049 ## - COLECCIÓN
Colección CG
050 #4 - SIGNATURA TOPOGRÁFICA DE LA BIBLIOTECA DEL CONGRESO
Número de clasificación HD69 P7.5
Número de documento/Ítem G7.2 2009
100 1# - ASIENTO PRINCIPAL--NOMBRE PERSONAL
Nombre de persona Gray, Clifford F.
245 10 - MENCIÓN DE TÍTULO
Título Administración de proyectos /
Mención de responsabilidad, etc. Clifford F. Gray, Erik W. Larson ; tr. María Guadalupe Cevallos Almada.
250 ## - MENCIÓN DE EDICIÓN
Mención de edición 4a ed.
260 ## - PUBLICACIÓN, DISTRIBUCIÓN, ETC.
Lugar de publicación, distribución, etc. México :
Nombre del editor, distribuidor, etc. McGraw Hill,
Fecha de publicación, distribución, etc. 2009.
300 ## - DESCRIPCIÓN FÍSICA
Extensión xx, 550 p. :
Otras características físicas il., figs. +
Material acompañante/anejo 1 CD-ROM ; 4 3/4 plg.
500 ## - NOTA GENERAL
Nota general El CD-ROM solicítalo en el mostrador de préstamos
534 ## - NOTA SOBRE LA VERSIÓN ORIGINAL
Frase introductoria Traducción de:
Mención de título del original Projec management: The managerial process
650 #4 - ASIENTO SECUNDARIO DE MATERIA - TERMINO TEMATICO
Término de materia o nombre geográfico como elemento de entrada Administración de proyectos
9 (RLIN) 493
650 #4 - ASIENTO SECUNDARIO DE MATERIA - TERMINO TEMATICO
Término de materia o nombre geográfico como elemento de entrada Administración de riesgos
9 (RLIN) 3107
700 1# - ASIENTO SECUNDARIO--NOMBRE DE PERSONAL
Nombre de persona Larson, Erik W.,
Término indicativo de función/relación coaut.
905 ## - TIPO DE MATERIAL
Tipo de material Libro
Holdings
Estado de retiro Estado de pérdida Fuente del sistema de clasificación o colocación Estado dañado No para préstamo Código de colección Localización permanente Ubicación/localización actual Ubicación en estantería Total de préstamos Clasificación Código de barras Fecha visto por última vez Número de copia Tipo de ítem Koha Fecha del último préstamo
    Library of Congress Classification     Colección General Bib. Gregorio Torres Quintero Bib. Gregorio Torres Quintero Planta baja 12 HD69 P7.5 G7.2 2009 276942 31/12/2020 1 Libro  
    Library of Congress Classification     Colección General Bib. Gregorio Torres Quintero Bib. Gregorio Torres Quintero Planta baja 10 HD69 P7.5 G7.2 2009 276943 30/04/2021 1 Libro 28/04/2021